00509nam a2200181Ii 450000100060000000300090000600800410001504000330005604100080008908200180009710000270011524500200014226400720016230000120023433600260024633700280027233800270030014158CO-ViMGA241108s9999||||xx |||||||||||||| ||und|| aCO-ViMGAbspaerdacCO-ViMGA0 aspa04a808.81 - P51c1 aPlanetario de Bogotá10aCantos celestes 1aBogotá, Colombia : Instituto Distrital de Cultura y Turismo, 1996 avolumen atextbtxt2rdacontent aunmediatedbn2rdamedia avolumebnc2rdacarrier